Administrative law : (Record no. 27001)
[ view plain ]
| 000 -LEADER | |
|---|---|
| fixed length control field | 01934cam a22003615a 4500 |
| 001 - CONTROL NUMBER | |
| control field | 18688216 |
| 005 - DATE AND TIME OF LATEST TRANSACTION | |
| control field | 20181115105313.0 |
| 008 - FIXED-LENGTH DATA ELEMENTS--GENERAL INFORMATION | |
| fixed length control field | 150706t2016 nyu frb 001 0 eng d |
| 010 ## - LIBRARY OF CONGRESS CONTROL NUMBER | |
| LC control number | 2015026550 |
| 020 ## - INTERNATIONAL STANDARD BOOK NUMBER | |
| International Standard Book Number | 9781454866985 (hbk. : alk. paper) |
| 040 ## - CATALOGING SOURCE | |
| Original cataloging agency | DLC |
| Language of cataloging | eng |
| Transcribing agency | DLC |
| Modifying agency | EG-ScBUE |
| 042 ## - AUTHENTICATION CODE | |
| Authentication code | pcc |
| 043 ## - GEOGRAPHIC AREA CODE | |
| Geographic area code | n-us--- |
| 082 04 - DEWEY DECIMAL CLASSIFICATION NUMBER | |
| Classification number | 342.7306 |
| Item number | ADM |
| Edition number | 22 |
| 245 00 - TITLE STATEMENT | |
| Title | Administrative law : |
| Remainder of title | cases and materials / |
| Statement of responsibility, etc | Ronald A. Cass... [et al.]. |
| 250 ## - EDITION STATEMENT | |
| Edition statement | 7th ed. |
| 260 ## - PUBLICATION, DISTRIBUTION, ETC. (IMPRINT) | |
| Place of publication, distribution, etc | New York : |
| Name of publisher, distributor, etc | Wolters kluwer, |
| Date of publication, distribution, etc | c.2016. |
| 300 ## - PHYSICAL DESCRIPTION | |
| Extent | xxxi, 959 p. ; |
| Dimensions | 26 cm. |
| 490 0# - Series Statement | |
| Series statement | Aspen casebook series |
| 500 ## - GENERAL NOTE | |
| General note | "Part of the LIFT program, this book comes with 1-Year digital access to the Examples & Explanations for this course." --Cover book. |
| 504 ## - BIBLIOGRAPHY, ETC. NOTE | |
| Bibliography, etc | Includes bibliographical references (pages 943-950) and index. |
| 505 0# - FORMATTED CONTENTS NOTE | |
| Formatted contents note | The nature and functions of administrative agencies -- Judicial review of administrative decisions -- Availability of judicial review -- Choice of policymaking instruments -- Rulemaking -- Adjudication -- Enforcement and liability -- Licensing -- Public access. |
| 520 ## - SUMMARY, ETC. | |
| Summary, etc | This highly regarded casebook presents administrative law as a vital force in policy-making, law enactment, and politics. In its Fourth Edition, Administrative Law: Cases and Materials reflects developments both in the law and in the classroom. |
| 650 #7 - SUBJECT ADDED ENTRY--TOPICAL TERM | |
| Topical term or geographic name as entry element | Administrative law |
| Geographic subdivision | United States. |
| Source of heading or term | BUEsh |
| 651 ## - SUBJECT ADDED ENTRY--GEOGRAPHIC NAME | |
| Source of heading or term | BUEsh |
| 653 ## - INDEX TERM--UNCONTROLLED | |
| Resource For college | Law |
| Arrived date list | November2018 |
| 655 ## - INDEX TERM--GENRE/FORM | |
| Form subdivision | Reading book |
| 700 1# - ADDED ENTRY--PERSONAL NAME | |
| Personal name | Cass, Ronald A. |
| 9 (RLIN) | 41939 |
| 775 08 - OTHER EDITION ENTRY | |
| Display text | Revision of: |
| Main entry heading | Administrative law : cases and materials. |
| Edition | 6th ed. |
| Place, publisher, and date of publication | New York : Wolters Kluwer Law & Business, 2011. |
| Record control number | (DLC) 2011006894. |
| 856 40 - ELECTRONIC LOCATION AND ACCESS | |
| Materials specified | Digital access code to the Examples & Explanations for this course |
| Uniform Resource Identifier | <a href="https://www.casebookconnect.com/LIFT">https://www.casebookconnect.com/LIFT</a> |
| 942 ## - ADDED ENTRY ELEMENTS (KOHA) | |
| Source of classification or shelving scheme | Dewey Decimal Classification |
| Withdrawn status | Item status | Source of classification or shelving scheme | Damaged status | Not for loan | Vendor | Home library | Current library | Shelving location | Date acquired | Source of acquisition | Cost, normal purchase price | Total Checkouts | Full call number | Barcode | Date last seen | Koha item type |
|---|---|---|---|---|---|---|---|---|---|---|---|---|---|---|---|---|
| Dewey Decimal Classification | Baccah | Central Library | Central Library | First floor | 15/11/2018 | Purchase | 2700.00 | 342.7306 ADM | 000043950 | 15/07/2025 | NB - Book (Non borrowing) | |||||
| Dewey Decimal Classification | Baccah | Central Library | Central Library | First floor | 15/11/2018 | Purchase | 2700.00 | 342.7306 ADM | 000043951 | 15/07/2025 | Book - Borrowing |